00490nam a2200169Ia 450000500170000000800410001702000160005808200130007410000170008724500370010426000340014130000170017565000150019294200060020795200940021399900130030720240704050852.0240331s9999 xx 000 0 und d a01402.20372 a155bMIL aMiller, J.B 0aToward a new psychology of women aNew yorkbPengiun Booksc1976 axi, 147 p ., aPsychology cL 001040708LaWERCLbWERCLcSSCd2024-03-31l0o 155 MILp158r2024-03-31w2024-03-31yL c748d748